| 000 | 01230cad a22002535a 4500 | ||
|---|---|---|---|
| 001 | L144638 | ||
| 008 | 080801s2008 xxkad f s 000 0 eng d | ||
| 035 | _a(Sirsi) u144638 | ||
| 041 | 0 | _aeng | |
| 050 | 0 | 4 | _a332.6324 $2 18 |
| 110 | 2 |
_aLambert Smith Hampton _92865 |
|
| 240 | _aUK investment transactions bulletin | ||
| 245 | 0 | 0 |
_aUKIT quarterly bulletin 2008 _bsecond quarter 2008 _h[electronic resource] |
| 260 |
_aLondon _bLSH _c2008 |
||
| 490 | 0 |
_aLambert Smith Hampton UKIT Quarterly Bulletin _vSecond Quarter 2008 |
|
| 520 | _aReports that the value of commercial property investment business undertaken in the second quarter of 2008 fell to its lowest level since the first quarter of 2002, with just £6.1bn of deals recorded. This brings the total value of transactions for the first half of 2008 to £13.4bn, down almost 60% on the same period the previous year. | ||
| 521 | 2 | _aAdvanced | |
| 590 | _aKA | ||
| 650 | 2 | 4 | _aLAMBERT SMITH HAMPTON UKIT QUARTERLY BULLETIN |
| 651 | 4 |
_aUnited Kingdom _y |
|
| 690 | _aPROPERTY-COMMERCIAL PROPERTY-COMMERCIAL PROPERTY FINANCE AND INVESTMENT | ||
| 856 | 4 | 0 |
_uhttps://www.lsh.co.uk _zView the item free of charge (requires registration) at www.lsh.co.uk... |
| 942 | _n0 | ||
| 999 |
_c108570 _d108570 |
||